000 02002nam0a22003491 4500
001 rc\2267868
005 20260405174001.0
035 _a(NLR Aleph) 006549183
090 _a6720964
_c6720964
100 _a20110829d1977 |||y0rusy50 ca
101 0 _arus
102 _aRU
105 _aa z |||a|
200 1 _aСолнце над лугом
_eРассказы и повесть
_fИван Евсеенко
_g[Худож. Л.Р. Карюков]
210 _aВоронеж
_cЦентр.-Чернозем. кн. изд-во
_d1977
215 _a215 с.
_cил.
_d17
327 1 _aСодерж.: Надейся и жди: Повесть; Рассказы: Колодец; По щучьему велению; Петька; Серафимино счастье; Перелет снегирей; До конца жизни; Солнце над лугом; Время солить огурцы; Маленькие рассказы
464 0 _12001#$aНадейся и жди$eПовесть$aКолодец$eРассказ$aПо щучьему велению$eРассказ$aПетька$eРассказ$aСерафимино счастье$eРассказ$aПерелет снегирей$eРассказ$aДо конца жизни$eРассказ$aСолнце над лугом$eРассказ$aВремя солить огурцы$eРассказ$aМаленькие рассказы$eРассказ
_tМаленькие рассказы
606 _aДеревня в СССР (х. л.)
_2psbo
686 _aШ5(2=р)75-644
_2rubbk
686 _aЩ897.56(2)Карюков, Л.Р.
_2rubbk
700 1 _8rus
_7ca
_aЕвсеенко
_bИ. И.
_f1943-2014
_gИван Иванович
_3RU\NLR\AUTH\7775296
_958224
702 1 _aКарюков
_bЛ.Р.
_4440
801 0 _aRU
_bNLR
_gpsbo
801 1 _aRU
_bELAR
_2rusmarc
852 _aNLR
_j77-2/2028
899 _aRuMoRGB
_jБ 77-42/817
899 _aRuMoRGB
_jБ 77-42/818
899 _aRuMoRGB
_jАрх.
942 _cBOOK
980 _aNB